00757nai a2200181Ia 4500003000900000008004100009022002200050022002300072040001600095245007200111260008600183310001400269362003700283521006900320650003600389650005700425856009300482IN-BaIIA211028c9999 xx s 000 0 eng d a0018-9308 (Print) a2168-166X (Online) cIIA Library 0aIEEE Transactions on Broadcast and Television Receiversh[eJournal] aNew York, USAbThe Institute of Electrical and Electronics Engineers, Inc. (IEEE) aQuarterly aBTR-9(1); 1963 - BTR-20(4); 1974 bSubscribed through National Knowledge Resource Consortium (NKRC) a Signal Processing and Analysis aCommunication, Networking and Broadcast Technologies uhttps://ieeexplore.ieee.org/servlet/opac?punumber=4079767yClick Here to Access eJournal